000 00597nam a2200181Ia 4500
008 100917s9999 xx 000 0 und d
082 _b31528
100 _aवाघ रविंद्र
245 _aबहुजन सुखाय बहुजन हिताय
260 _bअभिनव प्रकाशन
300 _a148
365 _b8
520 _aनिबंध
630 _aबहुजन सुखाय बहुजन हिताय
650 _aनिबंध
730 _aबहुजन सुखाय बहुजन हिताय
942 _cBOOK
999 _c636922
_d636919